000 00766nam a2200253Ia 4500
003 OSt
005 20220918165904.0
006 a|||||r|||| 00| 0
007 ta
008 220917b |||||||| |||| 00| 0 eng d
020 _a8178241404 (pbk)
_c295
024 _a286,523
037 _b99, 18/11/2015, Classic Book Service
_cTextual
040 _aARTS
_cARTS
_beng
041 _2eng
_aeng
082 _aK9954.2, P1
100 _aRangarajan Mahesh
_925955
245 0 _aIndia's wildlife history
_b An introduction
260 _aDelhi
_bPermanent Black India
_c2001
300 _axv, 135p.
_ccm.
650 _aZOOLOGY
_912
942 _hK9954.2, P1
_cTEXL
_2CC
999 _c131566
_d131566